书目信息 |
| 题名: |
荆棘之城
|
|
| 作者: | 沃特斯 著 ;林玉葳 译 | |
| 分册: | ||
| 出版信息: | 南昌 百花洲文艺出版社 2009.11 |
|
| 页数: | 552页 | |
| 开本: | 21cm | |
| 丛书名: | ||
| 单 册: | ||
| 中图分类: | I561.45 | |
| 科图分类: | ||
| 主题词: | 长篇小说--英国--现代 , 长篇小说 | |
| 电子资源: | ||
| ISBN: | 978-7-80742-859-6 | |
| 000 | 00850nam0 2200277 450 | |
| 001 | 1241752940 | |
| 005 | 20120109113628.50 | |
| 010 | @a978-7-80742-859-6@dCNY32.00 | |
| 090 | @aI561.45@bwts | |
| 096 | @aI561.45@bwts | |
| 100 | @a20100106d2009 em y0chiy50 ea | |
| 101 | 1 | @achi@ceng |
| 102 | @aCN@b360000 | |
| 105 | @ay z 000ay | |
| 200 | 1 | @a荆棘之城@b专著@dFingersmith@f(英)萨拉·沃特斯(Sarah Waters)著@g林玉葳译@zeng@9jing ji zhi cheng |
| 210 | @a南昌@c百花洲文艺出版社@d2009.11 | |
| 215 | @a552页@d21cm | |
| 300 | @a弘文文学馆 萨拉·沃特斯作品 | |
| 510 | 1 | @aFingersmith@zeng |
| 606 | 0 | @a长篇小说@y英国@z现代 |
| 606 | 0 | @a长篇小说 |
| 690 | @aI561.45@v4 | |
| 701 | 0 | @c(英)@a沃特斯@c(Waters, Sarah@f1966~)@4著@9wo te si |
| 702 | 0 | @a林玉葳@4译@9lin yu wei |
| 801 | 0 | @aCN@b110019@c20091223 |
| 905 | @aZUCC@dI561.45@eW7054 | |
| 荆棘之城=Fingersmith/(英)萨拉·沃特斯(Sarah Waters)著/林玉葳译.-南昌:百花洲文艺出版社,2009.11 |
| 552页;21cm |
| 弘文文学馆 萨拉·沃特斯作品 |
| ISBN 978-7-80742-859-6:CNY32.00 |
| ● |
| 相关链接 |
|
|
|
正题名:荆棘之城
索取号:I561.45/W7054
 
预约/预借
| 序号 | 登录号 | 条形码 | 馆藏地/架位号 | 状态 | 备注 |
| 1 | 482486 | 204824869 | 文学库116/116文学库 21排6列6层/ [索取号:I561.45/W7054] | 在馆 | |
| 2 | 482487 | 204824878 | 社科二线400B/400B社科库 6排3列3层/ [索取号:I561.45/W7054] | 在馆 | |
| 3 | 482488 | 204824887 | 文学库116/116文学库 21排6列6层/ [索取号:I561.45/W7054] | 在馆 |